Most Streamed Arctic Monkeys Songs - Statistics

General Stats
  • This quiz has been taken 138 times
    35 since last reset
  • The average score is 11 of 20
Answer Stats
# Streams Answer % Correct
3 2,688,458,150 505
82%
2 2,888,531,214 Do I Wanna Know?
82%
4 2,277,611,322 Why'd You Only Call Me When You're High?
77%
6 1,141,076,981 Fluorescent Adolescent
73%
1 3,624,114,535 I Wanna Be Yours
73%
5 1,343,944,019 R U Mine?
73%
10 546,764,523 I Bet You Look Good On The Dancefloor
68%
9 703,328,375 Arabella
64%
15 302,246,640 Brianstorm
59%
17 272,031,010 Crying Lightning
59%
12 512,135,253 Knee Socks
59%
14 309,115,239 Teddy Picker
59%
13 501,055,070 Mardy Bum
55%
7 884,767,272 No. 1 Party Anthem
55%
8 794,599,898 Snap Out Of It
41%
11 532,045,312 When The Sun Goes Down
41%
19 222,179,661 Old Yellow Bricks
27%
16 290,892,676 One For The Road
27%
18 241,769,597 Baby I'm Yours
14%
20 209,044,638 Stop The World I Wanna Get Off With You
9%
No matching quizzes found
Score Distribution
Percent of People with Each Score
Percentile by Number Answered
Your Score History
You have not taken this quiz since the last reset